| 000 | 00596nam a2200253Ia 4500 | ||
|---|---|---|---|
| 008 | 171025s9999 xx 000 0 und d | ||
| 020 | _a439790492 | ||
| 050 | _a791.45 | ||
| 050 | _bM122 2005 | ||
| 100 | _aMcCann, Jesse Leon | ||
| 245 | _aFear factor : | ||
| 245 | _bthe fright stuff! / | ||
| 245 | _cJesse Leon McCann | ||
| 260 | _aNew York : | ||
| 260 | _bScholastic, | ||
| 260 | _c2005 | ||
| 300 | _a48 pages : | ||
| 300 | _bcolor illustrations ; | ||
| 300 | _c25cm. | ||
| 500 | _aFear factor. | ||
| 650 | _aPublic performances. | ||
| 700 | _aSeries. | ||
| 700 | _aTitle. | ||
| 999 |
_c344604 _d344604 |
||